Misspelled Sporcle Words Quiz Stats

 Plays Quiz Updated Feb 28, 2019

Score 0/30 Timer 06:00
1 Play Today
Hint Word/Name % Correct
US State whose capital is BostonMassachusetts
71.8%
Get this capital of Florida and we'll tally one for youTallahassee
69.7%
A small European country beginning with 'L' and ending in '-stein'Liechtenstein
62.5%
Sculptor of 'Statue of David' who shares his name with a Teenage Mutant Ninja TurtleMichelangelo
61.3%
Former Soviet '-stan' Republic bordering Russia and ChinaKazakhstan
59.8%
Frankly, it's the capital of KentuckyFrankfort
58.4%
The apt-named capital of VerMONTMontpelier
58.2%
Ohio city that is home to the Reds and BengalsCincinnati
56.4%
The official name of the Ivory CoastCôte d'Ivoire
52.5%
This 'F' element helps keep our teeth clean and cavity freefluorine
52%
Former Soviet '-stan' Republic bordering Tajikistan and UzbekistanKyrgyzstan
46.9%
Be merry when receiving this gift of the Magi starting with 'm'myrrh
44.8%
Although there are no koalas here, this city is the capital of MalaysiaKuala Lumpur
40.4%
Some feel raked over the coals when trying to enter this capital of IcelandReykjavik
37.8%
Yes Albert, It's the largest city in New MexicoAlbuquerque
37.5%
Hint Word/Name % Correct
One of the three tenors, his last name starts with 'P'Luciano Pavarotti
36.5%
Some get catty when trying to spell this capital of NepalKathmandu
35.9%
Frankly, its a gift of the Magi starting with 'f'frankincense
34.6%
Former St. Louis Cardinal who smacked 70 homers in 1998Mark McGwire
33.9%
The official name of East TimorTimor-Leste
30.3%
Batten down the hatches U, it's the capital of MongoliaUlaanbaatar (or Ulan Bator)
27%
Hugh HEFner might know how to spell this Greek god of fire and forgeHephaestus
19.4%
Boston area university named after the first Jewish justice of the US Supreme CourtBrandeis University
17.1%
This Leonid lead the Soviet Union from 1964 to 1982Leonid Brezhnev
16.3%
This Nikita lead the Soviet Union from 1953 to 1964Nikita Khrushchev
14.9%
1976 Romanian Olympic gymnast who scored the first perfect '10'Nadia Comaneci
14%
Thimply speaking, it's the capital of BhutanThimphu
13.9%
Boston Red Sox hall of famer nicknamed 'Yaz'Carl Yastrzemski
13.9%
This city isn't Venice, it's the capital of LaosVientiane
13.3%
The Gang of Four surely knew about this Chinese city, formerly known as CantonGuangzhou
8.3%

You're not logged in!

Compare scores with friends on all Sporcle quizzes.
OR
Log In

Sporcle TV

Today on Sporcle TV


Watch our educational content, quiz creation guides, and fun videos on Sporcle TV.

Show Comments

Extras

Top Quizzes Today


Score Distribution

Your Account Isn't Verified!

In order to create a playlist on Sporcle, you need to verify the email address you used during registration. Go to your Sporcle Settings to finish the process.

Report this User

Report this user for behavior that violates our Community Guidelines.

Details: